000 00823cam a2200265 a 4500
008
020 _a9780761949213 (pbk.)
049 _aMAIN
090 _aP95.8
_bMED
245 0 0 _aMedia and the restyling of politics :
_bconsumerism, celebrity and cynicism /
_cedited by John Corner and Dick Pels.
260 _aLondon :
_bSAGE,
_c2003.
300 _aviii, 210 p. :
_bill. ;
_c24 cm.
500 _aIncludes index.
504 _aIncludes bibliographical references.
650 0 _aMass media
_xPolitical aspects.
650 0 _aPress and politics.
650 0 _aPolitics and culture.
700 1 _aCorner, John.
700 1 _aPels, Dick.
907 _a.b10317673
_b23-05-13
_c06-09-12
003
005 20230123125444.0
040 _cNUST
942 _cBOOKS
_kP95.8
_mMED
999 _c141824
_d141824